000 00358nam a2200145 i 4500
001 bg
245 0 0 _aTechnologia betonu.
_nCz. 2,
_pProjektowanie betonów.
260 _aWarszawa :
_b"Arkady",
_c1972.
650 9 _aBeton
_xtechnologia
040 _cBPK
041 _apol
080 _a666.97/.98
942 _cKS
008 s pl f |000 0 pol
999 _c47136
_d47136
856 _uhttp://koha.tu.koszalin.pl/cgi-bin/koha/opac-detail.pl?biblionumber=47136
_yKatalog online BPK